| 000 | 00733nam0a22002291 4500 | ||
|---|---|---|---|
| 001 | rc\2908948 | ||
| 005 | 20250529222045.0 | ||
| 035 | _a(NLR Aleph) 007059783 | ||
| 090 |
_a6273555 _c6273555 |
||
| 100 | _a20110805d1933 |||y0rusy50 ca | ||
| 101 | 0 | _arus | |
| 102 | _aRU | ||
| 105 | _ay z ||||| | ||
| 200 | 1 |
_aЗа большевистскую организацию рабочего снабжения _fР.Е. Давидсон |
|
| 210 |
_a[Москва] _cМоспартиздат _d1933 _gтип. "Искра революции" |
||
| 215 |
_aОбл., 55 с. _d20х13 см |
||
| 700 | 1 |
_aДавидсон _bР.Е. |
|
| 801 | 0 |
_aRU _bNLR _gpsbo |
|
| 801 | 1 |
_aRU _bELAR _2rusmarc |
|
| 852 |
_aNLR _j33-9/2324 |
||
| 942 | _cBOOK | ||
| 980 | _aNB | ||